000
00248nam a2200097Ia 4500
001
767848
005
20250826165407.0
008
250824s9999 xx 000 0 und d
245
0
_a
KAF DAĞI PADİŞAHI
_c
MELEK ÇE
260
_b
UĞUR BÖCEĞİ YAYINLARI
999
_c
767848
_d
767848